| 000 | 00870nam a2200205Ia 4500 | ||
|---|---|---|---|
| 003 | IN-BaIIA | ||
| 008 | 211028s9999 xx 000 0 eng d | ||
| 020 | _a3-540-51941-6 | ||
| 040 | _cIIA Library | ||
| 080 |
_a524.78(082.2) _bDYN |
||
| 111 |
_aInternational Conference on Dynamics and Interactions of Galaxies _cHeidelberg, Germany _d1989 29 May - 2 June _916733 |
||
| 245 | 0 |
_aDynamics and interactions of galaxies _bproceedings of the international conference on dynamics and interactions of galaxies, held in Heidelberg, Germany, 29 May - 2 June 1989 _cedited by Ronald Wielen |
|
| 260 |
_aBerlin _bSpringer-Verlag _c1990 |
||
| 300 | _axv, 518p. | ||
| 650 | _aAstronomy and astrophysics thesaurus | ||
| 650 |
_aGalaxies _91286 |
||
| 650 |
_aInteracting galaxies _916734 |
||
| 700 |
_aWielen, Ronald., ed. _916735 |
||
| 942 | _cBK | ||
| 999 |
_c9869 _d9869 |
||